000 00252nam a22001097a 4500
003 OSt
008 231115b |||||||| |||| 00| 0 eng d
041 _amal
100 _aBhaskara Panicker
_95645
245 _aKuttikalude nakshathrasasthram /
942 _cBK
999 _c17883
_d17883